Normal view
MARC view
- الفتن- علامات الساعة- يوم القيامة
Entry Topical Term
001 - CONTROL NUMBER
- control field: 56607
003 - CONTROL NUMBER IDENTIFIER
- control field: JO-AjAnu
005 - DATE AND TIME OF LATEST TRANSACTION
- control field: 20230606083257.0
008 - FIXED-LENGTH DATA ELEMENTS
- fixed length control field: 230606|| aca||aabn | a|a d
040 ## - CATALOGING SOURCE
- Original cataloging agency: JO-AjAnu
- Transcribing agency: JO-AjAnu
150 ## - HEADING--TOPICAL TERM
- Topical term or geographic name entry element: الفتن- علامات الساعة- يوم القيامة
670 ## - SOURCE DATA FOUND
- Source citation: Work cat.: (JO-AjAnu)28884: المروزي، نعيم بن حماد بن معاوية بن الحارث ؛ ضبط وتعليق مجدي بن منصور بن سيد الشورى, author 56606, الفتن